000 00287nam a22001337a 4500
008 171211b xxu||||| |||| 00| 0 eng d
020 _a0324205716
041 _aeng
080 _a330
100 _a52
101 _aEKO
245 _aECONOMICS FOR TODAY
_cTUCKER, I.B
942 _2udc
_cBK
999 _c38873
_d38873